Inventos / (Registro nro. 3728)
[ vista simple ]
| 000 -LEADER | |
|---|---|
| fixed length control field | 00920nam a2200229Ia 4500 |
| 003 - CONTROL NUMBER IDENTIFIER | |
| control field | OSt |
| 005 - DATE AND TIME OF LATEST TRANSACTION | |
| control field | 20200922132136.0 |
| 008 - FIXED-LENGTH DATA ELEMENTS--GENERAL INFORMATION | |
| fixed length control field | 191128s1978 ck a gr 000 0 spa d |
| 040 ## - CATALOGING SOURCE | |
| Original cataloging agency | CO-JMCR |
| Transcribing agency | CO-JMCR |
| 041 0# - LANGUAGE CODE | |
| Language code of text/sound track or separate title | spa |
| 082 04 - DEWEY DECIMAL CLASSIFICATION NUMBER | |
| Classification number | 508 / |
| Item number | P451i |
| Edition number | 23 |
| 100 1# - MAIN ENTRY--PERSONAL NAME | |
| Personal name | Perlmutter, Tom, |
| Relator term | autor |
| 9 (RLIN) | 10641 |
| 245 10 - TITLE STATEMENT | |
| Title | Inventos / |
| Statement of responsibility, etc. | Tom Perlmutter ; ilustraciones, Michael Tregenza, |
| 260 ## - PUBLICATION, DISTRIBUTION, ETC. | |
| Place of publication, distribution, etc. | Bogota : |
| Name of publisher, distributor, etc. | Norma, |
| Date of publication, distribution, etc. | 1978. |
| 300 ## - PHYSICAL DESCRIPTION | |
| Extent | 48 Paginas : |
| Other physical details | Ilustraciones a color ; |
| Dimensions | 27 cm. |
| 490 0# - SERIES STATEMENT | |
| Series statement | Lo extraño y lo maravilloso |
| 505 0# - FORMATTED CONTENTS NOTE | |
| Formatted contents note | Implementos domésticos -- Llamadas de larga distancia -- Máquinas misteriosas -- El genio de Herón -- Inventos para el transporte -- ingenio -- En a granja -- La imprenta y la mecanografía -- Monstruos musicales -- distracciones |
| 650 24 - SUBJECT ADDED ENTRY--TOPICAL TERM | |
| Topical term or geographic name entry element | Inventos |
| 9 (RLIN) | 10642 |
| 650 24 - SUBJECT ADDED ENTRY--TOPICAL TERM | |
| Topical term or geographic name entry element | Inventos domésticos |
| 9 (RLIN) | 10643 |
| 700 ## - ADDED ENTRY--PERSONAL NAME | |
| Personal name | Michael Tregenza, ilustrador |
| 9 (RLIN) | 10644 |
| 942 ## - ADDED ENTRY ELEMENTS (KOHA) | |
| Source of classification or shelving scheme | Dewey Decimal Classification |
| Koha item type | Books |
| Withdrawn status | Lost status | Source of classification or shelving scheme | Materials specified (bound volume or other part) | Damaged status | Not for loan | Home library | Current library | Shelving location | Date acquired | Source of acquisition | Total Checkouts | Full call number | Barcode | Date last seen | Date last checked out | Copy number | Price effective from | Koha item type |
|---|---|---|---|---|---|---|---|---|---|---|---|---|---|---|---|---|---|---|
| Dewey Decimal Classification | Donación--24/07/2018-- | Biblioteca Pública José María del Castillo y Rada | Biblioteca Pública José María del Castillo y Rada | General Stacks | 11/28/2019 | Donación | 2 | 508 / P451i | 201807720 | 05/22/2024 | 05/21/2024 | Ej.1 | 11/28/2019 | Books |